| 000 | 00623nam a2200205 a 4500 | ||
|---|---|---|---|
| 005 | 20210223120951.0 | ||
| 008 | 991125s1994 mx 000 0 spa u | ||
| 020 | _a9681848365 | ||
| 035 | _aUPN01000009844 | ||
| 049 | _aCG | ||
| 050 | 4 |
_aQA76.9 H35 _bS7.2 |
|
| 100 | 1 | _aStick, Beth | |
| 245 | 1 | 0 |
_aCómo usar Xtree, MS-DOS, Windows y Hard Disk / _cBeth Stick. |
| 260 |
_aMéxico : _bMegabyte ; _bNoriega, _c1994. |
||
| 300 | _a497 p. | ||
| 650 | 4 |
_aMS-DOS (ARCHIVO PARA COMPUTADORA) _910709 |
|
| 650 | 4 |
_aWINDOWS (PROGRAMAS PARA COMPUTADORA) _95928 |
|
| 650 | 4 |
_aXTREE (PROGRAMA PARA COMPUTADORA) _910710 |
|
| 905 | _aLibro | ||
| 999 |
_c9844 _d9844 |
||